Central Library OPAC University of Rajshahi

Organizational behavior / (Record no. 34758)

MARC details
000 -LEADER
fixed length control field 01013nam a2200301 a 4500
001 - CONTROL NUMBER
control field 34758
003 - CONTROL NUMBER IDENTIFIER
rucl marc code BD-RjUL
005 - DATE AND TIME OF LATEST TRANSACTION
control field 20211209052215.0
008 - FIXED-LENGTH DATA ELEMENTS--GENERAL INFORMATION
fixed length control field 071227s2009 njua b 001 0 eng
020 ## - INTERNATIONAL STANDARD BOOK NUMBER
International Standard Book Number 9788120335653
035 ## - SYSTEM CONTROL NUMBER
System control number (OCoLC)ocn185123461
System control number (BD-RjUL)34852
040 ## - CATALOGING SOURCE
Original cataloging agency DLC
Transcribing agency DLC
Modifying agency YDX
-- YDXCP
-- BAKER
-- UKM
-- BTCTA
-- DLC
-- BD-RjUL
Language of cataloging eng
041 ## - LANGUAGE CODE
Language code of text/sound track or separate title eng
082 00 - DEWEY DECIMAL CLASSIFICATION NUMBER
Classification number 658.3
Edition number 22
Author mark and year ROO 2009
100 1# - MAIN ENTRY--PERSONAL NAME
Personal name Robbins, Stephen P.,
Dates associated with a name 1943-
9 (RLIN) 26887
245 10 - TITLE STATEMENT
Title Organizational behavior /
Statement of responsibility, etc. Stephen P. Robbins, Timothy A. Judge.
250 ## - EDITION STATEMENT
Edition statement 13th ed.
260 ## - PUBLICATION, DISTRIBUTION, ETC. (IMPRINT)
Place of publication, distribution, etc. Upper Saddle River, N.J. :
Name of publisher, distributor, etc. Pearson Prentice Hall,
Date of publication, distribution, etc. c2009.
300 ## - PHYSICAL DESCRIPTION
Pagination xxxv, 716 p. :
Illustrations ill. ;
Size 29 cm.
504 ## - BIBLIOGRAPHY, ETC. NOTE
Bibliography, etc Includes bibliographical references and indexes.
650 #0 - SUBJECT ADDED ENTRY--TOPICAL TERM
Topical term or geographic name as entry element Organizational behavior.
9 (RLIN) 105774
700 1# - ADDED ENTRY--PERSONAL NAME
Personal name Judge, Tim.
856 41 - ELECTRONIC LOCATION AND ACCESS
Materials specified Table of contents only
Uniform Resource Identifier <a href="http://www.loc.gov/catdir/toc/ecip087/2007052438.html">http://www.loc.gov/catdir/toc/ecip087/2007052438.html</a>
942 ## - ADDED ENTRY ELEMENTS (KOHA)
Source of classification or shelving scheme Dewey Decimal Classification
Koha item type Books
Holdings
Lost status Source of classification or shelving scheme Damaged status Not for loan Collection code Permanent Location Current Location Shelving location Date acquired Source of acquisition Cost, normal purchase price Total Checkouts Full call number Date last seen Copy number Koha item type
  Dewey Decimal Classification     Non-fiction Central Library, University of Rajshahi Central Library, University of Rajshahi   06/06/2009 Dhaka, Paragon ent. Ltd. 2646.00   658.3 ROO 2009 19/05/2014 C-10 Books
  Dewey Decimal Classification     Non-fiction Central Library, University of Rajshahi Central Library, University of Rajshahi   06/06/2009 Dhaka, Paragon ent. Ltd. 2646.00   658.3 ROO 2009 19/05/2014 C-9 Books
  Dewey Decimal Classification     Non-fiction Central Library, University of Rajshahi Central Library, University of Rajshahi   06/06/2009 Dhaka, Paragon ent. Ltd. 2646.00   658.3 ROO 2009 19/05/2014 C-8 Books
  Dewey Decimal Classification     Non-fiction Central Library, University of Rajshahi Central Library, University of Rajshahi   06/06/2009 Dhaka, Paragon ent. Ltd. 2646.00   658.3 ROO 2009 19/05/2014 C-7 Books